JO 2024 - Top 10 tableau des médailles - Statistiques

Statistiques générales
  • Ce quiz a été pris 227 fois
  • Le résultat moyen est 9 sur 10
Statistiques - réponses
Réponse % Correct
Chine
100%
Etats-Unis
100%
France
100%
Japon
97%
Allemagne
89%
Grande-Bretagne
87%
Australie
85%
Italie
83%
Corée du Sud
64%
Pays-Bas
55%
Aucun quiz correspondant
Distribution des résultats
% des personnes avec chaque résultat
Percentile par nombre de réponses
Votre historique - résultats
Vous n’avez pas pris ce quiz